000
00245 a2200097 4500
001
29191
100
_a
Billiet W
245
_a
Automotive engines maintenance & repair (4th E
260
_a
_b
American Technical Society
_c
090
_c
19485
_d
19485
942
_a
NUST-CAE
_c
M
_c
10541
999
_c
264264
_d
264264